Ancient Rome Quiz - Statistics

General Stats
  • This quiz has been taken 29 times
  • The average score is 4 of 15
Answer Stats
Hint Answer % Correct
Rome was built on what river? Tiber
92%
Roman God of Wine? Bacchus
62%
At 42 years of age you could finally become... Consul
35%
Hence, who had this title? Augustus/ Octavius
31%
First office in the Cursus Honorum? Quaestor
31%
Hence, Who was his political rival? Gaius Marius
27%
Which Senator created Rome's first Fire Service? Crassus
19%
What was Sulla's full name? Lucius Cornelius Sulla
19%
Which emperors palace was located in Split? Diocletian
15%
Who wrote "The Annals of imperial Rome"? Tacitus
12%
Under what year was the Empires highest extent? 117 A.D
8%
Who spoke "Carthago Delenda Est" Cato the Censor
4%
What does "Divi Filius" mean? Son of the Divine
4%
What was the Aquilifers job in a Legion? Eagle Bearer
0%
What is the name of the head of a Legion? Legatus Legionis
0%
No matching quizzes found
Score Distribution
Percent of People with Each Score
Percentile by Number Answered
Your Score History
You have not taken this quiz